Social Change, Public Policy, and Community Collaborations : (Record no. 618355)

MARC details
000 -LEADER
fixed length control field 00530nam a2200193 a 4500
008 - FIXED-LENGTH DATA ELEMENTS--GENERAL INFORMATION
fixed length control field 260330s1999##################000#0#eng##
020 ## - INTERNATIONAL STANDARD BOOK NUMBER
ISBN 9780792386599
082 04 - DEWEY DECIMAL CLASSIFICATION NUMBER
Classification number 361.0071173
Item number RAL
100 1# - MAIN ENTRY--AUTHOR NAME
Personal name Ralston, Penny A.,
245 10 - TITLE STATEMENT
Title Social Change, Public Policy, and Community Collaborations :
260 ## - PUBLICATION, DISTRIBUTION, ETC. (IMPRINT)
Name of publisher Springer,
Year of publication 1999.
300 ## - PHYSICAL DESCRIPTION
Number of Pages 163 pages
650 #0 - SUBJECT ADDED ENTRY--TOPICAL TERM
Topical Term Psychology.
942 ## - ADDED ENTRY ELEMENTS (KOHA)
Koha item type English Books
Holdings
Withdrawn status Lost status Damaged status Not for loan Home library Current library Shelving location Date acquired Full call number Accession Number Price effective from Koha item type
        Anna Centenary Library Anna Centenary Library 4TH FLOOR, A WING 30.03.2026 361.0071173 RAL 209496 30.03.2026 English Books

Find us on the map